000 00954nam a2200301Ia 4500
001 19786
003 IT-RoPAU
008 130308s9999 xx 000 0 und d
040 _aIT-RoPAU
040 _cIT-RoPAU
041 _aFRANCESE
100 _aLefebvre Henri
100 _gCodice Aut. SPICS: 4761
245 _aIdeologie structuraliste (L')
245 _bIdeologie Structuraliste (L')
250 _a2a ed.
260 _aPARIS
260 _bAnthropos
260 _c1975 [1° Ed.:1971 - Ed.Ling.Originale:1971]
300 _a"254 p. (prefazione: no ; testo: 254)"
500 _aIdeologia Strutturalista Strutturalismo e Storia Claude Levi Strauss e Il Nuovo Eleatismo Linguaggio e Sistema su una Interpretazione del Marxismo Forma Funzione e Struttura nel capitale di Marx Paradossi di Althusser
650 _aEPISTEMOLOGIA
650 _eCodice materia Spics: 3051
942 _cBK
957 _71
999 _c65325
_d65325
999 _bSI
999 _g1